000 00404nam a22001577a 4500
003 MPLRDC
005 20220104125630.0
008 210129b ||||| |||| 00| 0 eng d
082 _a947.47 TZBEX-48 v.8
100 _a藤子不二雄原著
245 _a少年漫画小叮当. 八
_c
260 _a
_b少年出版社
_c
300 _b
650 _a哆啦A梦漫画
942 _cBK
_o947.47 TZBEX-48 v.8
999 _c28911
_d28901